[Event "Pardubice Czech op-B"]
[Site "Pardubice"]
[Date "2020.09.27"]
[Round "8"]
[White "Zuziak, Petr"]
[Black "Vadillo, Torre Ismael"]
[Result "1-0"]
[WhiteElo "1861"]
[BlackElo "1612"]
[PlyCount "89"]
[EventDate "2020.09.21"]
[EventType "swiss"]
[EventRounds "9"]
[EventCountry "CZE"]
[SourceTitle "CBM 198 Extra"]
[Source "ChessBase"]
[SourceDate "2020.11.30"]
[SourceVersion "1"]
[SourceVersionDate "2020.11.30"]
[SourceQuality "1"]

1. d4 d5 2. Nf3 Nf6 3. e3 g6 4. c4 c6 5. Nc3 Bg7 6. Qb3 0-0 7. Be2 dxc4 8. Bxc4 e6 9. 0-0 b5 10. Be2 a5 11. a3 a4 12. Qc2 Nd5 13. Ne4 Bd7 14. Nc5 Na6 15. Ne5 Nxc5 16. Qxc5 Rc8 17. f4 f5 18. Bd2 Bh6 19. Rac1 Re8 20. Qd6 Rc7 21. Ba5 Bf8 22. Bxc7 Bxd6 23. Bxd8 Bxe5 24. dxe5 Rxd8 25. Kf2 Kf7 26. Rfd1 h5 27. g3 Rc8 28. Rc5 Ke7 29. Rdc1 Rb8 30. Bf3 Be8 31. e4 fxe4 32. Bxe4 Rb6 33. h3 b4 34. Bxd5 exd5 35. Kf3 Ke6 36. g4 g5 37. fxg5 hxg4+ 38. hxg4 bxa3 39. bxa3 Kxe5 40. Re1+ Kd4 41. Ra5 Rb3+ 42. Kf2 c5 43. Rxe8 Rxa3 44. g6 Ra2+ 45. Kg3 1-0

[Event "Montigny le Bretonneux Noel op 20th"]
[Site "Montigny le Bretonneux"]
[Date "2019.12.30"]
[Round "7"]
[White "Vadillo, Torre Ismael"]
[Black "Sondermeijer, Antoine"]
[Result "1-0"]
[WhiteElo "1633"]
[BlackElo "1482"]
[PlyCount "120"]
[EventDate "2019.12.27"]
[EventType "swiss"]
[EventRounds "7"]
[EventCountry "FRA"]
[SourceTitle "CBM 194 Extra"]
[Source "ChessBase"]
[SourceDate "2020.03.31"]
[SourceVersion "1"]
[SourceVersionDate "2020.03.31"]
[SourceQuality "1"]

1. d4 d5 2. Nf3 Nf6 3. Bf4 e6 4. e3 Be7 5. Bd3 0-0 6. 0-0 Nbd7 7. Nbd2 h6 8. h3 b6 9. c4 c5 10. cxd5 Nxd5 11. Bh2 cxd4 12. Nxd4 N7f6 13. Nc6 Qe8 14. Bb5 a6 15. Nxe7+ Qxe7 16. Bc6 Bb7 17. Bxb7 Qxb7 18. Nc4 Rfd8 19. Qf3 Qe7 20. e4 Qb4 21. b3 b5 22. Nd6 Rxd6 23. Bxd6 Qxe4 24. Qxe4 Nxe4 25. Bh2 b4 26. Rfc1 Nec3 27. Rc2 f6 28. Bd6 a5 29. a4 Rd8 30. Bg3 Kf7 31. Re1 g5 32. Kf1 Rd7 33. f3 Rd8 34. Bf2 h5 35. Rd2 Rc8 36. Rc1 Ne4 37. Rdc2 Nd2+ 38. Ke1 Rxc2 39. Rxc2 Nxb3 40. Rb2 Nc1 41. Kd2 Nc3 42. Kxc1 Nxa4 43. Ra2 Nc3 44. Rxa5 h4 45. Ra7+ Kg6 46. Bc5 Nd5 47. Kd1 Nf4 48. Ra2 b3 49. Rd2 Kf5 50. Kc1 Nd5 51. Kb2 Kf4 52. Kxb3 Kf5 53. Kc4 Nf4 54. Bd6 Ng6 55. Kc5 Nf4 56. Bxf4 Kxf4 57. Re2 Kf5 58. Re4 Kg6 59. Kd6 Kf5 60. Rxe6 Kf4 1-0

[Event "Montigny le Bretonneux Noel op 20th"]
[Site "Montigny le Bretonneux"]
[Date "2019.12.28"]
[Round "4"]
[White "Vadillo, Torre Ismael"]
[Black "Larcheveque, Francois"]
[Result "0-1"]
[WhiteElo "1633"]
[BlackElo "1985"]
[PlyCount "65"]
[EventDate "2019.12.27"]
[EventType "swiss"]
[EventRounds "7"]
[EventCountry "FRA"]
[SourceTitle "CBM 194 Extra"]
[Source "ChessBase"]
[SourceDate "2020.03.31"]
[SourceVersion "1"]
[SourceVersionDate "2020.03.31"]
[SourceQuality "1"]

1. d4 d5 2. Nf3 Nf6 3. g3 Bf5 4. Bg2 e6 5. 0-0 Bd6 6. Nc3 c6 7. Re1 0-0 8. Bg5 Nbd7 9. Nh4 Bg4 10. h3 Bh5 11. g4 Bg6 12. e4 dxe4 13. Nxg6 hxg6 14. Bxe4 Qb6 15. Bxf6 Nxf6 16. Rb1 Nxe4 17. Nxe4 Rad8 18. c3 Bb8 19. Qf3 Qc7 20. Qg2 a6 21. a3 Rd5 22. Nc5 Rfd8 23. Nd3 Ba7 24. b4 Bb8 25. Nc5 Qc8 26. Ne4 e5 27. dxe5 Bxe5 28. c4 Rd4 29. Nc5 Bd6 30. Na4 Qc7 31. c5 Be5 32. Rxe5 Rd1+ 33. Re1 0-1

[Event "Barcelona Sants op 21st"]
[Site "Barcelona"]
[Date "2019.08.26"]
[Round "4"]
[White "Perla, Ilan"]
[Black "Vadillo, Torre Ismael"]
[Result "0-1"]
[WhiteElo "1551"]
[BlackElo "1616"]
[PlyCount "92"]
[EventDate "2019.08.23"]
[EventType "swiss"]
[EventRounds "10"]
[EventCountry "ESP"]
[SourceTitle "EXT 2020"]
[Source "ChessBase"]
[SourceDate "2019.10.17"]
[SourceVersion "1"]
[SourceVersionDate "2019.10.17"]
[SourceQuality "1"]

1. e4 e5 2. Nc3 Nc6 3. Bc4 Nf6 4. d3 Be7 5. Nge2 d6 6. 0-0 Na5 7. Bd5 0-0 8. a4 Nxd5 9. Nxd5 f5 10. b4 Nc6 11. b5 Nb8 12. exf5 Bxf5 13. Ng3 Be6 14. Nxe7+ Qxe7 15. d4 Bc4 16. Re1 Qf7 17. Be3 Nd7 18. Ne4 Qg6 19. Nd2 Bd5 20. f3 Be6 21. c4 exd4 22. Bxd4 Rf4 23. Re4 Rxe4 24. fxe4 Bh3 25. Qf3 Be6 26. Rf1 Rf8 27. Qe2 Rxf1+ 28. Nxf1 Qf7 29. Nd2 b6 30. Qd3 Qh5 31. Nf3 Qf7 32. Nd2 Qf4 33. Be3 Qf6 34. Bd4 Qf7 35. Qe2 Qf4 36. Be3 Qe5 37. Qf3 Qa1+ 38. Qf1 Qxf1+ 39. Kxf1 Ne5 40. Bd4 Nxc4 41. Nb1 Kf7 42. Ke2 g6 43. Kd3 Na5 44. Kc3 Bb3 45. Kb4 Be6 46. Nc3 c5+ 0-1

[Event "Montigny le Bretonneux Noel op 19th"]
[Site "Montigny le Bretonneux"]
[Date "2018.12.28"]
[Round "3"]
[White "Vadillo, Torre Ismael"]
[Black "Gabard, Adrien"]
[Result "1-0"]
[WhiteElo "1616"]
[BlackElo "1494"]
[PlyCount "119"]
[EventDate "2018.12.26"]
[EventType "swiss"]
[EventRounds "7"]
[EventCountry "FRA"]
[SourceTitle "CBM 188 Extra"]
[Source "ChessBase"]
[SourceDate "2019.02.26"]
[SourceVersion "1"]
[SourceVersionDate "2019.02.26"]
[SourceQuality "1"]

1. d4 f5 2. c4 g6 3. Nf3 Nf6 4. Nc3 Bg7 5. g3 0-0 6. Bg2 d6 7. 0-0 c6 8. Re1 Bd7 9. d5 c5 10. Ng5 Qc8 11. Ne6 Bxe6 12. dxe6 Nc6 13. Nd5 Kh8 14. Bg5 Rb8 15. Bxf6 Bxf6 16. Nxf6 Rxf6 17. Bd5 Nd4 18. e4 Nxe6 19. exf5 Nd4 20. Rxe7 Qxf5 21. Qd2 Nf3+ 22. Bxf3 Qxf3 23. Rae1 Rbf8 24. R1e2 Qf5 25. Qe1 Qf3 26. R7e3 Qg4 27. b3 a6 28. Re8 Qf3 29. Rxf8+ Rxf8 30. Re7 Rf7 31. Qa1+ Kg8 32. Re8+ Rf8 33. Qe1 Rxe8 34. Qxe8+ Qf8 35. Qe6+ Kh8 36. Qd7 b5 37. cxb5 axb5 38. Qxb5 Qe7 39. Qc4 Qe5 40. Kf1 Qa1+ 41. Kg2 Qxa2 42. Qc3+ Kg8 43. Qc4+ Kg7 44. Qc3+ Kh6 45. Qe3+ Kg7 46. Qe7+ Kh6 47. Qf8+ Kh5 48. Qxd6 Qxb3 49. Qxc5+ Kh6 50. Qe3+ Qxe3 51. fxe3 Kg5 52. Kf3 Kf5 53. h4 h5 54. e4+ Ke5 55. Ke3 Kf6 56. Kf4 Ke6 57. e5 Kf7 58. Kg5 Ke6 59. Kxg6 Kxe5 60. Kxh5 1-0

[Event "Sitges Sunway op-B 5th"]
[Site "Sitges"]
[Date "2018.12.15"]
[Round "2"]
[White "Tateo, Ida"]
[Black "Vadillo, Torre Ismael"]
[Result "1-0"]
[WhiteElo "1206"]
[BlackElo "1616"]
[PlyCount "71"]
[EventDate "2018.12.14"]
[EventType "swiss"]
[EventRounds "10"]
[EventCountry "ESP"]
[SourceTitle "CBM 187 Extra"]
[Source "ChessBase"]
[SourceDate "2018.11.04"]
[SourceVersion "1"]
[SourceVersionDate "2018.11.04"]
[SourceQuality "1"]

1. e4 e5 2. Nf3 Nc6 3. Bb5 Nf6 4. 0-0 d6 5. Re1 Bd7 6. c3 a6 7. Ba4 Be7 8. d4 b5 9. Bc2 0-0 10. d5 Na7 11. Nbd2 c6 12. Nf1 h6 13. a4 cxd5 14. exd5 bxa4 15. Bxa4 Qa5 16. c4 e4 17. Bd2 Bxa4 18. Rxa4 Qc7 19. Nd4 Rfb8 20. b3 Qc5 21. Be3 Qc8 22. Ng3 Qb7 23. Ngf5 Bf8 24. Bf4 Rd8 25. Bd2 Rd7 26. Re3 Qb6 27. Bc3 g6 28. Rg3 Kh7 29. Ne3 Nh5 30. Rg4 f5 31. Rh4 f4 32. Ng4 Be7 33. Rh3 Re8 34. Ne6 Bg5 35. Nxg5+ hxg5 36. Nf6+ 1-0

[Event "Montigny Autumn-B 17th"]
[Site "Montigny le Bretonneux"]
[Date "2018.10.27"]
[Round "8"]
[White "Sondermeijer, Damien"]
[Black "Vadillo, Torre Ismael"]
[Result "0-1"]
[WhiteElo "1410"]
[BlackElo "1622"]
[PlyCount "60"]
[EventDate "2018.10.20"]
[EventType "tourn"]
[EventRounds "9"]
[EventCountry "FRA"]
[SourceTitle "EXT 2020"]
[Source "ChessBase"]
[SourceDate "2019.10.17"]
[SourceVersion "1"]
[SourceVersionDate "2019.10.17"]
[SourceQuality "1"]

1. e4 e5 2. Bc4 Be7 3. Qh5 Nh6 4. Qxe5 0-0 5. d3 d6 6. Qc3 Ng4 7. Nf3 Bf6 8. Qd2 Nc6 9. h3 Nge5 10. Nxe5 Nxe5 11. Bb3 Bh4 12. Nc3 Be6 13. Qe2 Bxb3 14. cxb3 f5 15. g3 fxe4 16. gxh4 Nxd3+ 17. Kf1 Rxf2+ 18. Qxf2 Nxf2 19. Kxf2 Qxh4+ 20. Ke2 Qh5+ 21. Kd2 Qg5+ 22. Kd1 Qh5+ 23. Kc2 Qf3 24. Bd2 Qd3+ 25. Kc1 e3 26. Bxe3 Qxe3+ 27. Kc2 Qf2+ 28. Kd3 Re8 29. b4 Re3+ 30. Kc4 Qxb2 0-1

[Event "Montigny Autumn-B 17th"]
[Site "Montigny le Bretonneux"]
[Date "2018.10.24"]
[Round "5"]
[White "Vadillo, Torre Ismael"]
[Black "Couradin, Jean Marie"]
[Result "1-0"]
[WhiteElo "1622"]
[BlackElo "1613"]
[PlyCount "63"]
[EventDate "2018.10.20"]
[EventType "tourn"]
[EventRounds "9"]
[EventCountry "FRA"]
[SourceTitle "EXT 2020"]
[Source "ChessBase"]
[SourceDate "2019.10.17"]
[SourceVersion "1"]
[SourceVersionDate "2019.10.17"]
[SourceQuality "1"]

1. d4 d5 2. c4 Nf6 3. Nc3 c6 4. Nf3 Bf5 5. e3 e6 6. Nh4 Bg4 7. Nf3 Nbd7 8. Be2 dxc4 9. 0-0 b5 10. a3 Nd5 11. e4 Nxc3 12. bxc3 Nf6 13. Ne5 Bxe2 14. Qxe2 Qc7 15. Ng4 Be7 16. Nxf6+ Bxf6 17. e5 Be7 18. Qg4 g6 19. Bh6 c5 20. Qe4 Kd7 21. d5 Qb8 22. dxe6+ fxe6 23. a4 a6 24. Rfd1+ Kc7 25. Bg7 Rd8 26. Bf6 Rxd1+ 27. Rxd1 Bxf6 28. exf6 Qe8 29. Qe5+ Kb6 30. a5+ Kb7 31. Qxc5 Qf8 32. Rd7+ 1-0